000 00414nam a2200157 i 4500
001 bg
100 1 _aBENDAT, J. S.
245 0 _aEngineering Applications of Correlation and Spectral Analysis /
_cJ.S. Bendat, A.G. Piersol.
250 _aEdit. second.
260 _aNew York,
_c1993.
700 1 _aPIERSOL, A. G.
040 _cBPK
041 _apol
942 _cKS
008 s pl f |000 0 pol
999 _c29948
_d29948
856 _uhttp://koha.tu.koszalin.pl/cgi-bin/koha/opac-detail.pl?biblionumber=29948
_yKatalog online BPK